Cervantes y Barcelona / (Record no. 107894)

MARC details
000 -LEADER
campo de control de longitud fija 00677nam a2200205 i 4500
001 - NÚMERO DE CONTROL
campo de control 107894
003 - IDENTIFICADOR DE NÚMERO DE CONTROL
campo de control ES-MaACL
005 - FECHA Y HORA DE LA ÚLTIMA TRANSACCIÓN
campo de control 20250730063122.0
007 - CAMPO FIJO DE DESCRIPCIÓN FÍSICA--INFORMACIÓN GENERAL
campo de control de longitud fija t|
008 - DATOS DE LONGITUD FIJA--INFORMACIÓN GENERAL
campo de control de longitud fija 061121s1953 sp r ||||1| spa d
100 1# - ENTRADA PRINCIPAL--NOMBRE DE PERSONA
Nombre de persona Montaner, Joaquín,
Fechas asociadas al nombre 1892-1957
9 (RLIN) 82372
245 10 - MENCIÓN DEL TÍTULO
Título Cervantes y Barcelona /
Mención de responsabilidad, etc. por Joaquín Montaner.
260 ## - PUBLICACIÓN, DISTRIBUCIÓN, ETC.
Lugar de publicación, distribución, etc. Barcelona :
Nombre del editor, distribuidor, etc. Ayuntamiento,
Fecha de publicación, distribución, etc. 1953.
300 ## - DESCRIPCIÓN FÍSICA
Extensión 60 p., lám. I-XII ;
Dimensiones 28 cm.
500 ## - NOTA GENERAL
Nota general Precede al tit. : Ayuntamiento de Barcelona.
600 14 - PUNTO DE ACCESO ADICIONAL DE MATERIA--NOMBRE DE PERSONA
Nombre de persona Cervantes Saavedra, Miguel de,
Fechas asociadas al nombre 1547-1616
9 (RLIN) 226514
651 #4 - PUNTO DE ACCESO ADICIONAL DE MATERIA--NOMBRE GEOGRÁFICO
Nombre geográfico Barcelona-
Subdivisión geográfica En la literatura.
9 (RLIN) 140287
852 ## - LOCALIZACIÓN
Ubicación ES-MaACL
Número de control de estantería 1965-F-1
Sublocalización o colección R.34365
Holdings
Estatus retirado Estado de pérdida Estado de daño No para préstamo Colección Biblioteca de origen Biblioteca actual Ubicación en estantería Fecha de adquisición Fuente de adquisición Total de préstamos Signatura topográfica completa Código de barras Visto por última vez Precio de reemplazo Tipo de ítem Koha
        Colección de folletos Biblioteca del Ateneo de Madrid Biblioteca del Ateneo de Madrid Depósito folletos 17/01/2008     1965-F-1 1112598 23/02/2023 23/02/2023 Folleto